Chasse-Taupes - Mort subite - Statistiques

Statistiques générales
  • Ce quiz a été pris 90 973 fois
  • Le résultat moyen est 12 sur 20
Answers on the Grid
Answers color-coded by a green-red scale on the quiz's grid according to % correct below.
 
Statistiques - réponses
Réponse % Correct
89%
82%
80%
79%
74%
74%
60%
60%
56%
56%
53%
53%
53%
53%
53%
52%
52%
45%
45%
45%
Aucun quiz correspondant
Distribution des résultats
% des personnes avec chaque résultat
Percentile par nombre de réponses
Votre historique - résultats
Vous n’avez pas pris ce quiz